| 000 | 00869nac a22002291u 4500 | ||
|---|---|---|---|
| 010 | _a 00031140 | ||
| 020 | _a0415215145 | ||
| 020 | _a0415215153 (pbk.) | ||
| 082 | 0 | 0 |
_a194 _bLAN |
| 090 |
_c9073 _d9073 |
||
| 100 | _aLane, Richard J., | ||
| 245 | 1 | 0 |
_aJean Baudrillard / _cRichard J. Lane. |
| 260 |
_aLondon ; _aNew York : _bRoutledge,C.2000. _cC.2000. |
||
| 300 |
_ax, 156 p. ; _c21 cm. |
||
| 440 | 0 | _aRoutledge critical thinkers | |
| 500 | _aDistributer: Al-Ahram. | ||
| 504 | _aIncludes bibliographical references (p. [149]-152) and index. | ||
| 511 | _aCatalogued By: Mahitab. | ||
| 600 | 1 | 0 |
_aBaudrillard, Jean, _d1929-2007. |
| 856 | 4 | 2 |
_3Publisher description _uhttp://www.loc.gov/catdir/enhancements/fy0650/00031140-d.html |
| 942 |
_cBB _k194LAN |
||
| 999 |
_c9073 _d9073 |
||